000 00280nam a22001217a 4500
020 _aMACL
082 _a320/KUM
100 _aKUMAR R.V.
_983521
245 _aFace Off India And China
260 _aNew Delhi
_bManas Publications
_c2022
650 _aPolitical Science
942 _cBK
999 _c68465
_d68465